000 00724nam a22002057a 4500
005 20251108164954.0
008 250721s1994 xx 000 0 ara d
082 1 4 _a214.1/تيم
100 1 _aإبن تيميه، أحمد عبد الحليم
245 1 0 _aالتدمرية :
_bتحقيق الإثبات للإسماء و الصفات و حقيقة الجمع بين القدر و الشرع /
250 _aط2.
264 1 _aالرياض :
_bمكتبة العبيكان،
_c1994.
300 _a294ص
650 1 7 _aالإسلام
650 1 7 _aأصول الدين الإسلامي
650 1 7 _aالتوحيد
700 1 _aالسعوى، محمد بن عودة
_eتحقيق
942 _2ddc
_cBK
999 _c18753
_d18753